| 000 | 00647nam a2200229Ia 4500 | ||
|---|---|---|---|
| 003 | OSt | ||
| 005 | 20220924124632.0 | ||
| 006 | a|||||r|||| 00| 0 | ||
| 007 | ta | ||
| 008 | 220923b |||||||| |||| 00| 0 tel d | ||
| 024 | _a330976 | ||
| 037 | _cTextual | ||
| 040 |
_aARTS _cARTS _btel |
||
| 041 |
_2tel _atel |
||
| 082 | _aO32,3N14,1, 35K3 | ||
| 100 |
_aPillai Thakazhi Sivasankara _9174623 |
||
| 245 | 0 | _aRendu serlu | |
| 260 |
_aNew Delhi _b Sahitya Akedemi _c1963 |
||
| 650 |
_aMALAYALAM LITERATURE _938866 |
||
| 942 |
_hO32,3N14,1, 35K3 _cTEXL _2CC |
||
| 999 |
_c420338 _d420338 |
||